=LDR 00000nam 2200000 4500 =001 INLIS000000000030760 =005 20200615080217 =035 ##$$a 0010-061300000030760 =008 200615################g##########0#ind## =041 ##$$a Ind =082 ##$$a 2X5.1 =090 ##$$a 2X5.1, Alq, j =100 ##$$a Al-Qarni,Aidh =245 1#$$a Jembatan cinta : $b Agar hati tak bertabur dengki /$c Aidh Al-Qorni, MA;Penerjemah,Ashfa Muttaqina;Editor,Muhammad Albani =260 ##$$a Solo :$b Insan Kamil,$c 2006 =300 ##$$a viii, 144 hlm ; $c 20 x 13 cm =650 #4$$a Akhlak-Islam =850 ##$$a NBPNMAT =020 ##$$a 979-25-4641-3 =084 ##$$a 2X5.1 ALQ j =990 ##$$a 2090101257/BPAP-NTB/2015 =990 ##$$a 20900916